| 000 | 00728nam a22002177a 4500 | ||
|---|---|---|---|
| 999 |
_c5687 _d5687 |
||
| 003 | AR-CdUCM | ||
| 008 | 190313b ||||| |||| 00| 0 spa d | ||
| 040 |
_aMUNICIPALIDAD PROVINCIAL DEL CUSCO _cBIBLIOTECA MUNICIPAL DEL CUSCO |
||
| 082 |
_a398.098 / _bM55 |
||
| 100 |
_aMercado, Guillermo _9952 |
||
| 245 | _aConfiguración y alma de Arequipa en la leyenda de Mayta Capac / | ||
| 260 |
_aArequipa : _bTipografia O´brien, _c1948. |
||
| 300 |
_a7 paginas ; _c14 cm. |
||
| 500 | _aDonación familia Nieto | ||
| 505 | _aContenido :Configuración y alma de Arequipa en la leyenda de Mayta Capac / | ||
| 650 |
_aHistoria _9136 |
||
| 650 |
_aPoesía _9139 |
||
| 650 |
_aFloklore _97957 |
||
| 942 |
_2ddc _cLIBROS |
||
| 945 | _arjall | ||